All-New Marvel NOW! X-Teams Members Quiz Stats

 Plays Quiz not verified by Sporcle

Score 0/110 Timer 20:00
0 Plays Today
Team Member % Correct
Uncanny X-MenCyclops (Past)
97.4%
Uncanny X-MenCyclops
97.4%
X-MenM
96.6%
Uncanny X-MenMarvel Girl (Past)
95.8%
Uncanny X-MenBeast (Past)
95%
Brotherhood (Future)Beast
95%
X-MenBeast
95%
Uncanny X-MenAngel (Past)
94.5%
Brotherhood (Future)Ice Thing
94.5%
Uncanny X-MenIceman (Past)
94.2%
X-MenIceman
94.2%
X-MenWolverine
93.1%
X-MenStorm
91.6%
Brotherhood (Future)Xorn
90.5%
X-ForceCable
89.7%
X-MenColossus
89.7%
X-FactorGambit
88.9%
Uncanny X-MenShadowcat
87.3%
Uncanny X-MenEmma Frost
86.8%
X-ForcePsylocke
85.8%
X-MenPsylocke
85.8%
X-FactorPolaris
84.7%
X-MenRogue
84.7%
X-MenJubilee
84.2%
X-MenNightcrawler
83.6%
Brotherhood of Evil MutantsMystique
82.8%
Brotherhood (Future)Deadpool
79.2%
Uncanny X-MenMagik
78.9%
Uncanny X-MenX-23
78.6%
X-MenMarvel Girl
78.6%
X-FactorQuicksilver
76.3%
Brotherhood of Evil MutantsSabretooth
74.9%
Uncanny X-MenDazzler
72.6%
X-MenKid Omega
72.6%
X-ForceDomino
72.3%
Uncanny X-MenMindee Cuckoo
70.4%
Uncanny X-MenPhoebe Cuckoo
70.4%
Team Member % Correct
Uncanny X-MenCeleste Cuckoo
69.9%
X-ForceFantomex
68.3%
X-FactorCypher
68.1%
X-MenHusk
67.5%
X-MenRockslide
67%
X-FactorWarlock
66.5%
X-MenAnole
66.5%
X-FactorDanger
65.4%
X-MenArmor
65.4%
Brotherhood of Evil MutantsBlob
63.9%
X-ForceDoctor Nemesis
63.6%
X-ForceMarrow
62.8%
X-MenPixie
62.8%
X-ForceMeMe
62%
X-MenKarma
61.7%
X-MenChamber
60.2%
X-MenHellion
59.6%
X-MenNorthstar
59.4%
Uncanny X-MenGoldballs
58.6%
X-MenOya
57.5%
Uncanny X-MenLockheed
57.5%
X-MenApocalypse
56.7%
X-MenLongshot
55.7%
The SisterhoodLady Deathstrike
55.4%
X-MenBling!
54.4%
X-MenBlindfold
54.1%
X-MenMercury
53.8%
X-MenFirestar
53.6%
X-MenGlob Herman
53.6%
X-MenSurge
53.3%
X-MenVelocidad
53%
Uncanny X-MenBenjamin Deeds
52.8%
X-MenBroo
52.8%
X-MenTransonic
51.7%
X-MenNo-Girl
51.2%
X-MenKid Gladiator
50.4%
X-MenDoop
50.4%
Team Member % Correct
X-MenKarima Shapandar
49.6%
Uncanny X-MenTriage
49.3%
Uncanny X-MenTempus
49.1%
The SisterhoodMadelyne Pryor
48.8%
X-MenPrimal
48.8%
X-MenShark-Girl
48.8%
X-MenNature Girl
47.8%
X-MenFrenzy
47.5%
X-MenCipher
47%
X-MenGentle
47%
X-MenEye Boy
47%
Brotherhood (Future)Xavier
46.4%
X-MenErnst
46.4%
X-MenTrance
46.2%
X-MenWarbird
45.9%
X-MenIndra
45.9%
Uncanny X-MenHijack
45.1%
X-MenMatch
44.3%
The SisterhoodBlack Queen
42.7%
X-MenKrakoa
42.2%
Brotherhood (Future)Molly Hayes
41.7%
X-ForceForgetMeNot
41.4%
X-MenGraymalkin
41.2%
X-MenDr. Cecilia Reyes
39.8%
Brotherhood (Future)Raze
38.8%
The SisterhoodEnchantress
37.5%
X-MenFace
36.1%
X-MenCrosta
36.1%
X-MenSprite
35.4%
The SisterhoodTyphoid Mary
33%
Brotherhood of Evil MutantsSilver Samurai
30.6%
X-MenKymera
30.3%
The SisterhoodReiko
28.2%
X-MenRico
26.9%
X-FactorDecay
24%
X-MenZiggy Karst
20.1%

You're not logged in!

Compare scores with friends on all Sporcle quizzes.
OR
Log In

Sporcle TV

Today on Sporcle TV


Watch our educational content, quiz creation guides, and fun videos on Sporcle TV.

Show Comments

Extras

Top Quizzes Today


Score Distribution

Your Account Isn't Verified!

In order to create a playlist on Sporcle, you need to verify the email address you used during registration. Go to your Sporcle Settings to finish the process.

Report this User

Report this user for behavior that violates our Community Guidelines.

Details: